000 01249cam a22002651i 4500
003 SA-RiAUC
005 20251002061103.0
008 251001s1982 su b g f00000 ara c
040 _aSA-JeALM
_bara
_cSA-RiAUC
_erda
043 _aa-su---
082 0 4 _a953.021
090 _a953.021
_bا ب ن ا
100 1 _aابن إدريس، عبد الله عبد العزيز،
_d1361 هجري-
_eمؤلف.
245 1 0 _aمجتمع المدينة في عهد الرسول صلى الله عليه وسلم /
_cعبد الله عبد العزيز بن إدريس.
250 _aالطبعة الأولى.
264 1 _aالرياض :
_bجامعة الملك سعود، عمادة شؤون المكتبات،
_c1982
300 _a279 صفحة :
_bخرائط ؛
_c30 سم.
336 _aنص
_btxt
_2rdacontent
_3كتاب
337 _aبدون وسيط
_bn
_2rdamedia
600 0 7 _aمحمد (صلى الله عليه وسلم)،
_d53 قبل الهجرة-11 هجري
_2aucnm
650 7 _aالإسلام
_xتاريخ
_yعصر صدر الإسلام
_2aucsh
651 7 _aالمدينة المنورة
_xتاريخ
_yعصر صدر الإسلام، 13 قبل الهجرة-41 هجري.
_2aucsh
942 _2ddc
_cBOOK
_n0
949 _aSA-JeALM
_d251001
_uosman123
_n1
999 _c12310
_d12310